| 000 | 01257nam a2200325Ia 4500 | ||
|---|---|---|---|
| 001 | dia_4934 | ||
| 003 | CHAP | ||
| 005 | 20251021153653.0 | ||
| 008 | 220601s9999 xx 000 0 und d | ||
| 020 | _a968-7144-42-4 | ||
| 040 | _cCHAP | ||
| 082 | _a658.151 A35 2003 | ||
| 110 |
_aInstituto Mexicano de Ejecutivos de Finanzas _9157049 |
||
| 245 | _aAdministración integral de riesgos de negocio / Instituto Mexicano de Ejecutivos de Finanzas | ||
| 260 | _aMéxico : Deloitte & Touche : IMEF | ||
| 300 | _axix, 168 p. | ||
| 440 |
_aTemas Selectos de Administración Financiera Moderna _9157054 |
||
| 500 | _a"Cómo lograr una mayor efectividad en su evaluación y manejo. Procesos y herramientas para minimizar su impacto. Situación actual de las empresas de México" | ||
| 503 | _aI. 241914 | ||
| 504 | _aBibliografía: p. 167-168 | ||
| 590 | _aHD61 A35 2003 | ||
| 650 |
_a1. Administración financiera _9152616 |
||
| 650 | _aAdministración de riesgos - México | ||
| 650 | _aAdministración industrial - México | ||
| 710 |
_aInstituto Mexicano de Ejecutivos de FinanzasÌ _9176169 |
||
| 901 | _a658.151 A35 2003 | ||
| 902 | _aA | ||
| 905 | _a5232272003 mx aimn8222223322spa16 | ||
| 942 |
_cLIBRO _2ddc |
||
| 999 |
_c209557 _d209557 |
||